Word pictures from the Bible. (Record no. 3352)

000 -LEADER
fixed length control field 00559nam a2200181 a 4500
001 - CONTROL NUMBER
control field :::00001082$&:&@@
003 - CONTROL NUMBER IDENTIFIER
control field OkBaRHE
005 - DATE AND TIME OF LATEST TRANSACTION
control field 20000607103241.0
008 - FIXED-LENGTH DATA ELEMENTS--GENERAL INFORMATION
fixed length control field s1971 j 000 0 eng u
040 ## - CATALOGING SOURCE
Transcribing agency
100 1# - MAIN ENTRY--PERSONAL NAME
Personal name Blaiklock, E. M.
245 10 - TITLE STATEMENT
Title Word pictures from the Bible.
260 ## - PUBLICATION, DISTRIBUTION, ETC. (IMPRINT)
Place of publication, distribution, etc Grand Rapids, MI., :
Name of publisher, distributor, etc Zondervan Publishing House
Date of publication, distribution, etc 1971
300 ## - PHYSICAL DESCRIPTION
Extent 95 p. : illus. ;
Dimensions 22 cm.
650 ## - SUBJECT ADDED ENTRY--TOPICAL TERM
Topical term or geographic name as entry element Bible
General subdivision Language, Style
942 ## - ADDED ENTRY ELEMENTS (KOHA)
Source of classification or shelving scheme
Koha item type Books
Copies
Koha item type Date acquired Shelving location Source of classification or shelving scheme Barcode Not for loan Damaged status Lost status Permanent Location Date last seen Price effective from Full call number Withdrawn status Copy number
Books2010-04-14General Stacks 1082   RHEMA Bible Training College2010-04-142010-04-14BS 537 .B56 1